000 00306nam a22001457a 4500
008 210304b ||||| |||| 00| 0 eng d
020 _a003061239X
041 _aeng
080 _23rd
_a338
082 _a338
100 _a53
101 _aMEN
245 _aManagement
_cBedeian, A. G
942 _2udc
_cBK
999 _c55728
_d55728